| 000 | 00917cab a2200229 4500 | ||
|---|---|---|---|
| 001 | WB2838-63 | ||
| 008 | 090401t1992 xxu||||| |||| 00| 0 eng d | ||
| 035 | _a(Sirsi) u26470 | ||
| 041 | _aeng | ||
| 245 | _aPost-PSA audit dissent | ||
| 260 | _c1992 | ||
| 350 | _a0 | ||
| 490 |
_aNew Builder _v(145) 24 September 1992, 5(1) |
||
| 520 | _aGovernment strategy of devolving advice on public sector procurement to the private sector as been attacked as potentially anti-competitive. With the demise of the PSA leaving a lack of in-house expertise, individual departments have been left to fend for themselves and are appointing outside consultants as advisers. | ||
| 650 | _aCOMPULSORY COMPETITIVE TENDERING | ||
| 650 | _aPRIVATISATION | ||
| 650 | _aPROPERTY SERVICES AGENCY | ||
| 650 | _aPUBLIC SECTOR | ||
| 690 | _aMANAGEMENT-BUSINESS MANAGEMENT-PROFESSIONAL PRACTICE | ||
| 942 | _n0 | ||
| 948 | _c04/03/1997 | ||
| 999 |
_c17787 _d17787 |
||